000 01147nam a22003257a 4500
003 CHAP
005 20220329134514.0
008 971013s1971 r 00010 d
010 _a21325
011 _a22297
035 _a26391
040 _cCHAP
082 _a338.763
_bD7
100 0 0 _aDrilon, J. D., Jr.
_eed.
_934238
245 _aAgribusiness (Asian case studies)
260 _aHong Kong :
_bAsian Productivity Organization,
_c1971
300 _a2 v.
_b: ilus. ; mapas ; gráfs.
490 _aAgribusiness management resource materials
_v; 2
500 _aLa biblioteca tiene : v.2 Industrial organization and managemetn
590 _aBATCH-UPD
_b10
_c20130110
_lUCH01
_h0058
590 _aBATCH-UPD
_b10
_c20130110
_lUCH01
_h2306
590 _aBATCH-UPD
_b10
_c20130410
_lUCH01
_h1558
590 _aBATCH-UPD
_b10
_c20130913
_lUCH01
_h1957
590 _aCONVERSION
_b10
_c20130109
_lUCH01
_h1313
650 1 4 _aIndustrias agrícolas
_xFilipinas.
_957948
830 0 _aAgribusiness management resource materials
_v; 2
_91167
901 _aBK
942 _cLIBRO
949 _a338.763 D7
_bBC
_cLIBRO
_d33724000420105
_eLIBRO
_fv.2
_h66220
_i26391
_mD
_si
999 _c21325
_d21325